| 000 | 01313cam a2200253 4500 | ||
|---|---|---|---|
| 001 | L136678 | ||
| 008 | 070215n2007 000 0 eng u | ||
| 020 | _a9781845321819 | ||
| 035 | _a(Sirsi) u136678 | ||
| 041 | 0 | _aeng | |
| 050 | _a711.558 $2 18 | ||
| 110 | 1 |
_aUnited Kingdom _bHM Treasury |
|
| 245 | 0 | 0 |
_aHosting the World Cup _ba feasibility study _h[electronic resource] |
| 260 |
_aLondon _bTSO _c2007 |
||
| 505 | 2 | _aSuccessful bidding for major sporting events -- Key elements of a World Cup bid -- Managing a World Cup bid -- Public support for a bid. | |
| 520 | _aSuggests that England is well-placed to host the football World Cup in 2018 and has strong public support. Sets out the strengths that underline England's readiness to host a future World Cup, and the issues which would need to be resolved by The FA as part of their deliberations on whether to launch a bid. | ||
| 590 | _aKA | ||
| 650 | 2 | 4 | _aFIFA WORLD CUP 2018 |
| 651 | 4 |
_aEngland _y886- |
|
| 690 | _aPROPERTY-COMMERCIAL PROPERTY-LEISURE PROPERTY-SPORTS PROPERTY | ||
| 710 | 1 |
_aUnited Kingdom _bDepartment for Culture, Media and Sport |
|
| 856 | 4 | 0 |
_uhttps://www.hm-treasury.gov.uk/documents/international_issues/world_cup_feasibility/world_cup_index.cfm _zView the study free of charge at www.hm-treasury.gov.uk... |
| 942 | _n0 | ||
| 999 |
_c106472 _d106472 |
||